000 00616nam a2200181Ia 4500
008 151202s9999||||xx |||||||||||||| ||und||
082 _bPNVM-4981
100 _aचौधरी बहिणाबाई.
245 _aबहिणाईचीं गाणी.
260 _b"ग.पां.परचुरे, मुंबई."
260 _c1952
300 _a89
600 _aचौधरी बहिणाबाई.
630 _aबहिणाईचीं गाणी.
700 _aचौधरी बहिणाबाई.
730 _aबहिणाईचीं गाणी.
942 _cBOOK
999 _c1270975
_d1270972